| 000 | 01144cam a22003137a 4500 | ||
|---|---|---|---|
| 003 | CHAP | ||
| 005 | 20220817041640.0 | ||
| 008 | 971013s1979 r 00010 d | ||
| 010 | _a20670 | ||
| 011 | _a21642 | ||
| 035 | _a25732 | ||
| 040 | _cCHAP | ||
| 082 |
_a338.10972 _bC44 |
||
| 100 | 0 | 0 |
_aCernea, Michael M. _921516 |
| 245 | 1 | 3 |
_aLa cuantificación de los efectos de los proyectos _b: la vigilancia y la evaluación en proyecto en el Proyecto de Desarrollo Rural PIDER-México |
| 260 |
_aWashington : _bBanco Mundial, _c1979 |
||
| 300 | _a170 p. | ||
| 590 |
_aBATCH-UPD _b10 _c20130110 _lUCH01 _h1133 |
||
| 590 |
_aBATCH-UPD _b10 _c20130410 _lUCH01 _h0721 |
||
| 590 |
_aBATCH-UPD _b10 _c20130914 _lUCH01 _h1824 |
||
| 590 |
_aCONVERSION _b10 _c20130109 _lUCH01 _h1312 |
||
| 650 | 1 | 4 |
_aMéxico _xCondiciones rurales. |
| 650 | 1 | 4 |
_aPolítica agrícola _zMéxico. |
| 710 | 0 |
_aBanco Internacional de Reconstrucción y Fomento. _99848 |
|
| 710 | 0 |
_aPrograma de Inversiones Públicas para el Desarrollo Rural. México. _992302 |
|
| 901 | _aBK | ||
| 942 | _cLIBRO | ||
| 949 |
_a338.10972 C44 _bBC _cLIBRO _d33724000765095 _eLIBRO _h34629 _i25732 _mD _si |
||
| 999 |
_c20670 _d20670 |
||